|
|
|
|
| LEADER |
02093nam a22003377a 4500 |
| 001 |
AAL6801 |
| 003 |
BD-DhAAL |
| 005 |
20190804110526.0 |
| 008 |
160204s 2006bd a|||| b||| 001 0 ben d |
| 999 |
|
|
|c 36765
|d 36765
|
| 020 |
|
|
|a 9844151902
|
| 040 |
|
|
|a BD-DhAAL
|c BD-DhAAL
|
| 082 |
|
|
|a 954.92
|
| 100 |
|
|
|a মুরশিদ, গোলাম
|9 17722
|
| 245 |
|
|
|a হাজার বছরের বাঙালি সংস্কৃতি /
|c গোলাম মুরশিদ
|
| 246 |
|
|
|a Hajar bachhorer bangla samskriti
|
| 260 |
|
|
|a ঢাকা :
|b অবসর প্রকাশন,
|c ২০০৬ [একাদশ মুদ্রণ ২০১৯]
|
| 300 |
|
|
|a ৫৪৮ পৃষ্ঠা :
|b চিত্র ;
|c ২২ সে.মি.
|
| 504 |
|
|
|6 Includes bibliography and index.
|
| 526 |
|
|
|a Residential Campus
AAL
|
| 541 |
|
|
|a Development Book Agency
|e 6801, 34874, 34875, 35004
|
| 651 |
|
|
|a Bengal (India)
|x Civilization.
|9 17723
|
| 651 |
|
|
|a Bengal (India) --
|x History.
|9 17724
|
| 651 |
|
|
|a Bengal (India)
|x Intellectual life.
|9 17725
|
| 852 |
|
|
|a Savar Campus Library
|c General Stacks
|
| 942 |
|
|
|2 ddc
|c BK
|
| 952 |
|
|
|0 0
|1 0
|2 ddc
|4 0
|6 954_920000000000000_MUR
|7 0
|9 57854
|a SCL
|b SCL
|c GEN
|d 2016-02-04
|g 450.00
|l 6
|m 4
|o 954.92 MUR
|p 3020006801
|r 2023-07-27
|s 2023-07-26
|t 1
|w 2016-02-04
|y BK
|
| 952 |
|
|
|0 0
|1 0
|2 ddc
|4 0
|6 954_920000000000000_MUR
|7 0
|9 60455
|a SCL
|b SCL
|c GEN
|d 2017-04-26
|e Gift :
|l 11
|m 13
|o 954.92 MUR
|p 3020008770
|r 2025-08-29
|s 2025-08-23
|t 2
|w 2017-04-26
|y BK
|
| 952 |
|
|
|0 0
|1 0
|2 ddc
|4 0
|6 954_920000000000000_MUR
|7 0
|9 65721
|a SCL
|b SCL
|c GEN
|d 2019-07-17
|e Development Book Agency
|g 440.00
|l 6
|m 1
|o 954.92 MUR
|p 3020034875
|r 2025-08-24
|s 2025-08-17
|t 4
|v 440.00
|w 2019-07-17
|y BK
|
| 952 |
|
|
|0 0
|1 0
|2 ddc
|4 0
|6 954_920000000000000_MUR
|7 0
|9 65722
|a SCL
|b SCL
|c GEN
|d 2019-07-17
|e Development Book Agency
|g 440.00
|l 5
|m 10
|o 954.92 MUR
|p 3020034874
|r 2025-09-06
|s 2025-08-17
|t 3
|v 440.00
|w 2019-07-17
|y BK
|
| 952 |
|
|
|0 0
|1 0
|2 ddc
|4 0
|6 954_920000000000000_MUR
|7 0
|9 65855
|a BRACUL
|b BRACUL
|c GEN
|d 2019-07-24
|e Development Book Agency
|g 440.00
|l 6
|m 36
|o 954.92 MUR
|p 3010035004
|r 2025-07-20
|s 2024-06-02
|t 5
|v 440.00
|w 2019-07-24
|y BK
|